000 01159cad a22002415a 4500
001 L146858
008 090304s2009 xxuad f s 000 0 eng d
035 _a(Sirsi) u146858
041 0 _aeng
050 0 4 _a333.33 $2 18
110 2 _aColliers International Property Consultants
_91881
245 0 0 _aNorth America industrial real estate highlights
_bfourth quarter 2008
_h[electronic resource]
260 _a[S.l.]
_bColliers
_c[2009]
490 0 _aNorth America Industrial Real Estate Highlights
_vFourth Quarter 2008
520 _aReveals that the industrial market registered its weakest quarter since early 2002. Overall, vacancy rates rose 0.40% from the previous quarter, turning absorption sharply negative in the fourth quarter 2008. Asking rents for warehousing and distribution units fell 1.5% from the previous quarter.
521 _aAdvanced
590 _aKA
650 2 4 _aCOLLIERS GLOBAL INDUSTRIAL REAL ESTATE HIGHLIGHTS
651 4 _aUnited States
_y1959-
690 _aPROPERTY-COMMERCIAL PROPERTY-COMMERCIAL PROPERTY MARKET
856 4 0 _uhttps://www.colliers.com/
_zView the report free of charge at www.colliers.com...
942 _n0
999 _c109317
_d109317